Feature Selection and Enhanced Krill Herd Algorithm for Text Document Clustering

This book puts forward a new method for solving the text document (TD) clustering problem, which is established in two main stages: (i) A new feature selection method based on a particle swarm optimization algorithm with a novel weighting scheme is proposed, as well as a detailed dimension reduction...

Full description

Bibliographic Details
Main Author: Abualigah, Laith Mohammad Qasim (Author, http://id.loc.gov/vocabulary/relators/aut)
Corporate Author: SpringerLink (Online service)
Format: Electronic eBook
Language:English
Published: Cham : Springer International Publishing : Imprint: Springer, 2019.
Edition:1st ed. 2019.
Series:Studies in Computational Intelligence, 816
Subjects:
Online Access:Full Text via HEAL-Link
LEADER 03497nam a2200469 4500
001 978-3-030-10674-4
003 DE-He213
005 20191022091833.0
007 cr nn 008mamaa
008 181218s2019 gw | s |||| 0|eng d
020 |a 9783030106744  |9 978-3-030-10674-4 
024 7 |a 10.1007/978-3-030-10674-4  |2 doi 
040 |d GrThAP 
050 4 |a Q342 
072 7 |a UYQ  |2 bicssc 
072 7 |a TEC009000  |2 bisacsh 
072 7 |a UYQ  |2 thema 
082 0 4 |a 006.3  |2 23 
100 1 |a Abualigah, Laith Mohammad Qasim.  |e author.  |4 aut  |4 http://id.loc.gov/vocabulary/relators/aut 
245 1 0 |a Feature Selection and Enhanced Krill Herd Algorithm for Text Document Clustering  |h [electronic resource] /  |c by Laith Mohammad Qasim Abualigah. 
250 |a 1st ed. 2019. 
264 1 |a Cham :  |b Springer International Publishing :  |b Imprint: Springer,  |c 2019. 
300 |a XXVII, 165 p. 23 illus., 21 illus. in color.  |b online resource. 
336 |a text  |b txt  |2 rdacontent 
337 |a computer  |b c  |2 rdamedia 
338 |a online resource  |b cr  |2 rdacarrier 
347 |a text file  |b PDF  |2 rda 
490 1 |a Studies in Computational Intelligence,  |x 1860-949X ;  |v 816 
505 0 |a Chapter 1. Introduction -- Chapter 2. Krill Herd Algorithm -- Chapter 3. Literature Review -- Chapter 4. Proposed Methodology -- Chapter 5. Experimental Results -- Chapter 6. Conclusion and Future Work -- References -- List Of Publications. 
520 |a This book puts forward a new method for solving the text document (TD) clustering problem, which is established in two main stages: (i) A new feature selection method based on a particle swarm optimization algorithm with a novel weighting scheme is proposed, as well as a detailed dimension reduction technique, in order to obtain a new subset of more informative features with low-dimensional space. This new subset is subsequently used to improve the performance of the text clustering (TC) algorithm and reduce its computation time. The k-mean clustering algorithm is used to evaluate the effectiveness of the obtained subsets. (ii) Four krill herd algorithms (KHAs), namely, the (a) basic KHA, (b) modified KHA, (c) hybrid KHA, and (d) multi-objective hybrid KHA, are proposed to solve the TC problem; each algorithm represents an incremental improvement on its predecessor. For the evaluation process, seven benchmark text datasets are used with different characterizations and complexities. Text document (TD) clustering is a new trend in text mining in which the TDs are separated into several coherent clusters, where all documents in the same cluster are similar. The findings presented here confirm that the proposed methods and algorithms delivered the best results in comparison with other, similar methods to be found in the literature. 
650 0 |a Computational intelligence. 
650 0 |a Artificial intelligence. 
650 1 4 |a Computational Intelligence.  |0 http://scigraph.springernature.com/things/product-market-codes/T11014 
650 2 4 |a Artificial Intelligence.  |0 http://scigraph.springernature.com/things/product-market-codes/I21000 
710 2 |a SpringerLink (Online service) 
773 0 |t Springer eBooks 
776 0 8 |i Printed edition:  |z 9783030106737 
776 0 8 |i Printed edition:  |z 9783030106751 
830 0 |a Studies in Computational Intelligence,  |x 1860-949X ;  |v 816 
856 4 0 |u https://doi.org/10.1007/978-3-030-10674-4  |z Full Text via HEAL-Link 
912 |a ZDB-2-INR 
950 |a Intelligent Technologies and Robotics (Springer-42732)